| 000 | 00733nam a22001811a 4500 | ||
|---|---|---|---|
| 001 | 17807 | ||
| 003 | OSt | ||
| 005 | 20260204212334.0 | ||
| 008 | 161227s2016||||dr ||||||b||||||||||spa|| | ||
| 090 | _aET-2016-027 | ||
| 100 | _aNicasio Estévez, José Miguel | ||
| 245 | _aMejoras pedagógicas del docente de ciencias sociales en la jornada extendida, nivel secundario, Distrito Educativo 16-02 de Fantino, año escolar 2015-2016 / José Miguel Nicasio Estévez, Juana Taveras de la Cruz y Marisela Suero Adames. Asesor: Prebisterio Lora de la Cruz, M.A | ||
| 264 | _aSanto Domingo: El Autor | ||
| 300 | _a87 p. | ||
| 502 | _aTesis (Educación, Ciencias Sociales) | ||
| 650 | _aEDUCACIÓN 2. CIENCIAS SOCIALESÌ | ||
| 942 |
_2ddc _cTH |
||
| 999 |
_c17807 _d17807 |
||